Programming in Visual Basic Version 6.0 / (Record no. 1205)

MARC details
000 -LEADER
Fixed length control field 00531nam a2200169 4500
003 - CONTROL NUMBER IDENTIFIER
Control field SEACOMMC
005 - DATE AND TIME OF LATEST TRANSACTION
Control field 20250506114317.0
008 - FIXED-LENGTH DATA ELEMENTS--GENERAL INFORMATION
Fixed length control field 250422b |||||||| |||| 00| 0 eng d
020 ## - INTERNATIONAL STANDARD BOOK NUMBER / ISBN
International Standard Book Number 978-0-07-463521-6
Price Rs.495.00
040 ## - CATALOGING SOURCE
Original cataloging agency SEACOMMC
082 ## - DEWEY DECIMAL CLASSIFICATION NUMBER
Classification number 005.118
Book Number B 811
100 ## - MAIN ENTRY--PERSONAL NAME
Personal name Bradley, Julia Case
245 1# - TITLE STATEMENT
Title Programming in Visual Basic Version 6.0 /
Statement of responsibility Julia Case Bradley [and] Anita C Millspaugh
260 ## - IMPRINT
Place of publication New Delhi
Name of publisher Tata McGraw-Hill
Date of publication c 1999
650 ## - SUBJECT ADDED ENTRY--TOPICAL TERM
Topical term Computer Science (Programming Language)
942 ## - ADDED ENTRY ELEMENTS (KOHA)
Koha item type Books
Holdings
Withdrawn status Lost status Source of classification Damaged status Not for loan Home library Current library Shelving location Date acquired Total Checkouts Call number Accession number Date last seen Price effective from Koha item type Copy number
    Dewey Decimal Classification     SEACOM MANAGEMENT COLLEGE SEACOM MANAGEMENT COLLEGE Reference 04/03/2009   005.118 B 811 M-2331 22/04/2025 22/04/2025 Reference Books  
    Dewey Decimal Classification     SEACOM MANAGEMENT COLLEGE SEACOM MANAGEMENT COLLEGE   04/03/2009   005.118 B 811 M-2332 22/04/2025 22/04/2025 Books 1
    Dewey Decimal Classification     SEACOM MANAGEMENT COLLEGE SEACOM MANAGEMENT COLLEGE   04/03/2009   005.118 B 811 M-2333 22/04/2025 22/04/2025 Books 2
    Dewey Decimal Classification     SEACOM MANAGEMENT COLLEGE SEACOM MANAGEMENT COLLEGE   04/03/2009   005.118 B 811 M-2334 22/04/2025 22/04/2025 Books 3
    Dewey Decimal Classification     SEACOM MANAGEMENT COLLEGE SEACOM MANAGEMENT COLLEGE   04/03/2009   005.118 B 811 M-2335 22/04/2025 22/04/2025 Books 4
© Seacom Engineering College, All rights reserved.    Powered by Koha